000 00574nam a2200193Ia 4500
005 20250508165726.0
008 008 250505s9999 xx 000 0 eng d
037 _aReference
040 _aFEDL
_beng
_cFEDL
041 _aeng
_2eng
084 _a305.3, BEM/RR
_qFEDL
100 _aBem Sandra Lipsitz
_9781718
245 0 _aLenses of gender: Transforming the debate on sexual inequality
260 _aNew Haven
_bYale University Press
_c1993
300 _axii, 244p.
365 _aINR
_b2419
942 _cREF
_h305.3, BEM/RR
999 _c1397063
_d1397063